000 00856nam a22002297a 4500
999 _c5498
_d5498
003 AR-CdUCM
008 190312b ||||| |||| 00| 0 spa d
040 _aMUNICIPALIDAD PROVINCIAL DEL CUSCO
_cBIBLIOTECA MUNICIPAL DEL CUSCO
082 _22ed.
_a465.3 /
_bR42
100 _aRepilado, Ricardo
_916493
245 _aDos temas de redacción /
260 _aLa Habana :
_bPueblo y Educación,
_c1975.
300 _a137 páginas ;
_c23 cm.
500 _aDonación de la familia Nieto.
505 _aContenido: Sobre la puntuación del español moderno -- La coma -- El punto y coma -- Los dos puntos -- Sobre el párrafo y sus problemas ...
650 _aRedacción
_91126
650 _aLengua castellana
_916494
650 _aEjercicios de redacción
_916495
710 _aInstituto Cubano del Libro
_910350
942 _2ddc
_cLIBROS
945 _alccs